书目信息 |
| 题名: |
国际贸易地理教程
|
|
| 作者: | 潘宏 , 袁志彦 编著 | |
| 分册: | ||
| 出版信息: | 北京 对外经济贸易大学出版社 2006 |
|
| 页数: | 413页 | |
| 开本: | 21cm | |
| 丛书名: | ||
| 单 册: | ||
| 中图分类: | F742 | |
| 科图分类: | ||
| 主题词: | 国际贸易--商业地理--教材 | |
| 电子资源: | ||
| ISBN: | 7-81078-621-0 | |
| 000 | 00916nam0 2200265 450 | |
| 001 | 012004028943 | |
| 005 | 20070807150848.45 | |
| 009 | 012004028943 | |
| 010 | @a7-81078-621-0@dCNY21.00 | |
| 100 | @a20060405d2006 em y0chiy0110 ea | |
| 101 | 0 | @achi |
| 102 | @aCN@b110000 | |
| 105 | @ay z 000yy | |
| 106 | @ar | |
| 200 | 1 | @a国际贸易地理教程@Aguo ji mao yi di li jiao cheng@f潘宏, 袁志彦编著@Fpan hong , yuan zhi yan bian zhu |
| 210 | @a北京@c对外经济贸易大学出版社@d2006 | |
| 215 | @a413页@d21cm | |
| 330 | @a本书分为总论和分论两个部分。总论部分包括导论、国际贸易地理格局的演变、地理环境与国际贸易、国际贸易运输地理等;分论部分对各大洲的概况进行简明介绍。 | |
| 510 | 1 | @aInternational Trade Geography@zeng |
| 606 | 0 | @a国际贸易@x商业地理@j教材 |
| 690 | @aF742@v4 | |
| 701 | 0 | @a潘宏@Apan hong@4编著 |
| 701 | 0 | @a袁志彦@Ayuan zhi yan@4编著 |
| 801 | 0 | @aCN@b110017@c20070807 |
| 905 | @dF742@e102@f1 | |
| 国际贸易地理教程/潘宏, 袁志彦编著.-北京:对外经济贸易大学出版社,2006 |
| 413页;21cm |
| ISBN 7-81078-621-0:CNY21.00 |
| 本书分为总论和分论两个部分。总论部分包括导论、国际贸易地理格局的演变、地理环境与国际贸易、国际贸易运输地理等;分论部分对各大洲的概况进行简明介绍。 |
| ● |
| 相关链接 |
|
|
|
|
正题名:国际贸易地理教程
索取号:F742/102
 
预约/预借
| 序号 | 登录号 | 条形码 | 馆藏地/架位号 | 状态 | 备注 |
| 1 | 0852986 | 208529868 | 第一样本阅览室/ [索取号:F742/102] | 在馆 |